Statistics for Racing drivers with most followers on insta

Click here to take the quiz!

General Stats

  • This quiz has been taken 15 times
  • The average score is 21 of 101

Answer Stats

HintAnswer% Correct
34.5 mHamilton
100%
11 mVerstappen
93%
3.9 mBottas
86%
7.2 mNorris
86%
1.2 m | 13.3 mLeclerc
79%
4.9 mRussell
79%
532 k | 8.2 mSainz
79%
3.6 mSchumacher
79%
3 mVettel
71%
4.7 mGasly
64%
1.8 mTsunoda
64%
2.4 mAlbon
57%
6.5 mPerez
57%
8.9 mRicciardo
57%
1.1 mStroll
57%
6.5 mAlonso
50%
380 kHakkinen
50%
2.9 mRaikkonen
50%
1.1 mZhou
50%
1.5 mPiastri
43%
1.6 mHulkenberg
36%
1.3 mMagnussen
36%
7 mMarquez
36%
678 kSargeant
36%
1.5 mButton
29%
856 kDe Vries
29%
1.8 mGrosjean
29%
528 kKvyat
29%
1.3 mMassa
29%
2 mRosberg
29%
156 kLawson
21%
483 kMazepin
21%
15.9 mRossi
21%
1.4 mBagnaia
14%
8.3 mBlock
14%
156 kDixon
14%
331 kKubica
14%
638 kLatifi
14%
278 kMontoya
14%
313 kPiquet Jr
14%
390 kWebber
14%
1.4 mBarrichello
7%
334 kCanapino
7%
191 kE Fittipaldi. jr
7%
285 kEricsson
7%
897 kGiovinazzi
7%
181 kIlott
7%
536 kJohnson
7%
1 mKobayashi
7%
635 kLoeb
7%
531 kMaldonado
7%
152 kMcLaughlin
7%
329 kNeuville
7%
580 kO'Ward
7%
338 kP. Fittipaldi
7%
253 kSolberg
7%
379 kVandoorne
7%
185 kA Al Qubaisi
0%
331 kAcosta
0%
155 kAitken
0%
226 kAntonelli
0%
489 kBearman
0%
251 kBoccolacci
0%
1.1 mBustamante
0%
276 kCalderon
0%
297 kChadwig
0%
312 kColapinto
0%
159 kCorrea
0%
203 kDi Grassi
0%
402 kDrugovich
0%
287 kE. Fittiplaldi
0%
147 kFewtrell
0%
815 kFloersch
0%
633 kFoust
0%
236 kGranado
0%
162 k | 222 kGutiérrez
0%
151 kHartley
0%
181 kHauger
0%
288 kKanaan
0%
618 kMenezes
0%
191 kMigno
0%
175 kNasr
0%
324 kOgier
0%
4.9 mPastrana
0%
551 kPetrucci
0%
179 kPourchaire
0%
356 kRovenperä
0%
501 kSalo
0%
301 kSalvadori
0%
1.1 mShwartzman
0%
149 kSuárez
0%
361 kTänak
0%
168 kVergne
0%
111 kVesti
0%
1.5 mViñales
0%
149 kWehrlein
0%
806 kWolff
0%
636 kZarco
0%

Score Distribution

Percentile by Number Answered

Percent of People with Each Score

Your Score History

You have not taken this quiz